header

Injury prevention for children and adolescents (Record no. 184097)

MARC details
000 -LEADER
fixed length control field 02977nam a2200385 a 4500
082 04 - DEWEY DECIMAL CLASSIFICATION NUMBER
Classification number 617.1
245 00 - TITLE STATEMENT
Title Injury prevention for children and adolescents
250 ## - EDITION STATEMENT
Edition statement 2nd ed.
260 ## - PUBLICATION, DISTRIBUTION, ETC. (IMPRINT)
Place of publication Washington, D.C. :
Name of publisher American Public Health Association,
Year of publication c2012.
300 ## - PHYSICAL DESCRIPTION
Number of Pages xxi, 461 p. :
Other physical details ill. (some col.)
505 0# - FORMATTED CONTENTS NOTE
Formatted contents note Epidemiology of injuries among children and adolescents : focus on unintentional injuries / Michael F. Ballesteros and David A. Sleet -- The cost of child and adolescent injuries and the savings from prevention / Ted R. Miller ... [et al.] -- Hazards associated with common nursery products / Carol Pollack-Nelson and Dorothy Drago -- Motor vehicle and pedestrian injuries among children and adolescents : risk and prevention / Bruce G. Simons-Morton and Laura J. Caccavale -- Home injuries / Eileen M. McDonald, Deborah Girasek, and Andrea Carlson Gielen -- Adolescent employment and injury in the united states / Carol W. Runyan, Michael D. Schulman, and Lawrence E. Scholl -- Injuries in the school environment / Ellen R. Schmidt, Susan Wooley, and Stephanie Bryn -- Childhood agricultural injuries / Barbara C. Lee and Barbara Marlenga -- Sports and recreational injuries / Stephen W. Marshall ... [et al.] -- Water-related injuries of children and adolescents / Linda Quan, Karen D. Liller, and Elizabeth Bennett -- Child physical abuse and neglect / David DiLillo, Rosalita C. Maldonado, and Laura E. Watkins -- Firearm injuries / Shannon Frattaroli ... [et al.] -- Youth suicide / Lloyd Potter -- Global injuries among children and adolescents / Andres Villaveces and Catherine Vladutiu -- Moving child and adolescent injury prevention and control research into practice : a framework for translation / Michael Yonas ... [et al.].
650 #0 - SUBJECT ADDED ENTRY--TOPICAL TERM
Topical Term Children
Topical Term Children's accidents
Topical Term Accidents
Topical Term Wounds and injuries
700 1# - ADDED ENTRY--PERSONAL NAME
Personal name Liller, Karen DeSafey.
856 40 - ELECTRONIC LOCATION AND ACCESS
Uniform Resource Identifier http://site.ebrary.com/lib/rucke/Doc?id=10571255

No items available.

© 2026 Rongo University
Contact us: librarian | system librarian | Rongo university